000 00878nam a2200229Ia 4500
003 GCL
008 140319s9999 xx 000 0 ara d
040 _aGCL /
_cGCL
082 0 4 _a953.09
_bم س
100 1 _aاسماعيل صادق
245 1 0 _aالسلطان عبدالحميد الثانى بين الصهيونية العالمية والمشكلة الفلسطينية /
_cاسماعيل صادق
700 1 _aميم كامل اوكى
300 _a119 ص
490 _a100 قصة
_v0
650 0 4 _aالقضية الفلسطينية
650 0 4 _aالصهيونية
650 0 4 _aالامبراطورية العثمانية
650 0 4 _aفلسطين - تاريخ - العصر العثمانى
650 0 4 _aالعالم العربى - تاريخ - العصر العثمانى
650 0 4 _aالسلطان عبدالحميد الثانى
942 _2ddc
_cBK
999 _c45575
_d45575